00499nam a2200193 a 4500001001300000003000900013005001700022008004100039020002600080082001300106100002100119245002200140260004100162300000900203500003500212505001000247650002700257700002100284nice12345678IN_TiNIC20260116012301.0050524s1983 leia grp 000 0 eng  a0877849 c340.5500a230bAND aAnderson, Norman aTeaching of Jesus aLeicesterbInter Varsity Pressc1983 a219p aincludes index and biblioraphy2 aIndex aJesus Christ-Teachings1 aAnderson, Norman